Asking Alexandria Songs based on four lines of text - Statistics

General Stats
  • This quiz has been taken 24 times
  • The average score is 5 of 15
Answer Stats
Hint Answer % Correct
I should've known the tides were getting higher We can still survive And I think we're drowning, but our heads are still Above the waves, above the waves A Prophecy
60%
So he came forth and said unto me Son, you are forsaken Condemned for the sins that you led I offer you forgiveness Morte et Dabo
60%
If only he knew, If only he knew about the world without the bullshit and the lies, We could've saved him. They could've saved me. The Final Episode (Lets Change the Channel)
60%
I wanna watch the whole world I wanna watch the whole world burn down, burn down I wanna watch the world burn I wanna watch the whole world burn down, burn down Poison
55%
Surrounded by shadows and I think I might just be suffocating The devil came to take me to hell but I'm already there, yeah Am I insane? Am I insane? Am I insane? The devil came to take me to hell but I'm already there, yeah The Death of Me
50%
Please, stay away from me You keep on talking with nothing to say I don't wanna hear about your life You make me wanna eat a bullet, bullet Antisocialist
40%
I'll be there in the morning With a smile on my face I'll be there in the morning To start it all again Hey there Mr. Brooks
35%
I wish you could save me, there's something lost inside I'm scared it might kill me All my life I've needed you with me You've always let me down The Black
35%
I've walked this road for hours To the white hills, and the oceans I search for solace in this toxic land of sin Just let me in (Just let me in) Dear Insanity
30%
Don't know what I believe in, who I believe in anymore I know that I'm broken, it's the road that I've chosen to walk alone I could hold you, I could hold you so close I could hold you so close and never let you in I Am One
25%
You said you'd cried a thousand times But I don't believe a word of it You loved it when my heart stopped So, you start to listen I Used To Have A Best Friend(But Then He Gave Me An STD)
25%
But then She takes a moment to ponder To wonder what could've been given another chance! To find a light in the darkness and a way out of this! A Candlelit Dinner with Inamorta
20%
Spilling every lie you've spilled before Still I'm not forgiving you What's happened between us? What can I give to save us? A Single Moment of Sincerity
20%
I'll make my own mistakes Even though I never learn I'm running from myself If only you could see behind my eyes The Match
20%
Something is just not right I need to leave this place Out of mind, out of sight My evil thoughts can't hide Let It Sleep
10%
No matching quizzes found
Score Distribution
Percent of People with Each Score
Percentile by Number Answered
Your Score History
You have not taken this quiz